[Event "Scarborough CC Jack Frost"]
[Site "Toronto"]
[Date "2012.02.02"]
[Round "5"]
[White "Ugodnikov, Arkadiy"]
[Black "Morra, Lui"]
[Result "0-1"]
[WhiteElo "1820"]
[BlackElo "1709"]
[PlyCount "82"]
[EventDate "2012.01.05"]
[EventType "swiss"]
[EventRounds "6"]
[EventCountry "CAN"]
[SourceTitle "EXT 2022"]
[Source "ChessBase"]
[SourceDate "2021.10.06"]
[SourceVersion "1"]
[SourceVersionDate "2021.10.06"]
[SourceQuality "1"]

1. e4 c5 2. Nf3 e6 3. c3 d5 4. Qe2 Be7 5. g3 Nc6 6. Bg2 d4 7. d3 e5 8. 0-0 Bg4 9. Nbd2 b5 10. h3 Be6 11. cxd4 cxd4 12. Nb3 Nf6 13. Bg5 Qb6 14. Rfc1 0-0 15. Bxf6 Bxf6 16. Nc5 Bc8 17. Qd2 Be7 18. Nb3 a5 19. Qe2 Bd7 20. Nh2 Bd6 21. Rf1 Rac8 22. Rac1 a4 23. Nd2 Rc7 24. f4 Rfc8 25. fxe5 Nxe5 26. Rxc7 Rxc7 27. Ndf3 Ng6 28. e5 Be7 29. Qf2 Be6 30. h4 Bxa2 31. h5 Nf8 32. Ng4 Bb3 33. Nh4 Rc2 34. Qf4 Bxh4 35. gxh4 Rxb2 36. Be4 a3 37. Nf6+ Kh8 38. Nd5 Qe6 39. Qxf7 Qg4+ 40. Kh1 Qh3+ 41. Kg1 Qh2# 0-1

[Event "Scarborough CC Spring Into Summer U2000"]
[Site "Toronto"]
[Date "2011.06.02"]
[Round "5"]
[White "Morra, Lui"]
[Black "Cale, Ferdinand"]
[Result "0-1"]
[WhiteElo "1797"]
[BlackElo "1700"]
[PlyCount "52"]
[EventDate "2011.04.28"]
[EventType "swiss"]
[EventRounds "9"]
[EventCountry "CAN"]
[SourceTitle "EXT 2022"]
[Source "ChessBase"]
[SourceDate "2021.10.06"]
[SourceVersion "1"]
[SourceVersionDate "2021.10.06"]
[SourceQuality "1"]

1. e4 e5 2. Nf3 f6 3. Bc4 Ne7 4. Nc3 c6 5. d4 exd4 6. Qxd4 Ng6 7. 0-0 d6 8. Be3 Qe7 9. Qd2 Be6 10. Bxe6 Qxe6 11. Nd4 Qd7 12. Nf5 d5 13. Nd4 c5 14. Nxd5 cxd4 15. Bxd4 Be7 16. Qa5 Na6 17. b4 0-0 18. Rad1 Bd8 19. Qa3 Qe6 20. Rfe1 Ne7 21. Qb3 Kh8 22. c4 Qf7 23. c5 Nc7 24. Qh3 Ncxd5 25. exd5 Nxd5 26. Re6 Nf4 0-1

[Event "Scarborough CC Spring Into Summer U2000"]
[Site "Toronto"]
[Date "2011.05.12"]
[Round "2"]
[White "Zotkin, Daniel"]
[Black "Morra, Lui"]
[Result "1-0"]
[WhiteElo "1626"]
[BlackElo "1797"]
[PlyCount "95"]
[EventDate "2011.04.28"]
[EventType "swiss"]
[EventRounds "9"]
[EventCountry "CAN"]
[SourceTitle "EXT 2022"]
[Source "ChessBase"]
[SourceDate "2021.10.06"]
[SourceVersion "1"]
[SourceVersionDate "2021.10.06"]
[SourceQuality "1"]

1. d4 Nf6 2. Nf3 d6 3. Bg5 e6 4. c4 Be7 5. Nbd2 d5 6. e3 Nbd7 7. Bd3 0-0 8. 0-0 b6 9. Qc2 Bb7 10. Bxf6 Bxf6 11. Bxh7+ Kh8 12. Bd3 dxc4 13. Bxc4 g6 14. Rac1 Kg7 15. Bd3 Rc8 16. Qa4 a6 17. Be4 Bxe4 18. Nxe4 a5 19. Nxf6 Nxf6 20. Ne5 Ne4 21. Rc6 Qh4 22. Nf3 Qh5 23. Qc2 f5 24. Rxc7+ Rxc7 25. Qxc7+ Rf7 26. Qxb6 Kf6 27. Qxa5 Kg7 28. Qe5+ Rf6 29. h3 g5 30. Nh2 Qh4 31. Ng4 fxg4 32. Qxe4 Qh6 33. Qxg4 Qg6 34. f4 Qd3 35. Qxg5+ Rg6 36. Qe5+ Kf7 37. f5 Rg5 38. Qxe6+ Kg7 39. Qe7+ Kh6 40. Qf6+ Kh5 41. g4+ Kh4 42. Qh6+ Rh5 43. Qxh5+ Kg3 44. Qg5 Qe2 45. Qf4+ Kh4 46. g5+ Kxh3 47. Rf3+ Qxf3 48. Qxf3+ 1-0

[Event "Scarborough CC-ch Reserves"]
[Site "Toronto"]
[Date "2011.04.07"]
[Round "7"]
[White "Mesiti, Silvano"]
[Black "Morra, Lui"]
[Result "0-1"]
[WhiteElo "1626"]
[BlackElo "1831"]
[PlyCount "68"]
[EventDate "2011.02.24"]
[EventType "swiss"]
[EventRounds "9"]
[EventCountry "CAN"]
[SourceTitle "EXT 2022"]
[Source "ChessBase"]
[SourceDate "2021.10.06"]
[SourceVersion "1"]
[SourceVersionDate "2021.10.06"]
[SourceQuality "1"]

1. e4 c5 2. Nf3 e6 3. Nc3 d5 4. Bb5+ Nc6 5. exd5 exd5 6. 0-0 a6 7. Re1+ Be7 8. Bxc6+ bxc6 9. d4 Nf6 10. dxc5 0-0 11. b4 a5 12. Ba3 axb4 13. Bxb4 Bg4 14. Qd3 Qc7 15. Nd4 Rfe8 16. Re3 Rad8 17. Rae1 Rd7 18. f3 Bh5 19. Qa6 Rf8 20. Na4 Qf4 21. Nxc6 Bd8 22. Nb6 d4 23. R3e2 Bxb6 24. cxb6 Qg5 25. Qd3 Rc8 26. a3 Bg6 27. Qd2 Qb5 28. Ne7+ Kh8 29. Nxg6+ hxg6 30. Re7 Qxb6 31. Qd3 Rxe7 32. Rxe7 Nd5 33. Rxf7 Qe6 34. Qxg6 Qxg6 0-1

[Event "Scarborough CC-ch Reserves"]
[Site "Toronto"]
[Date "2011.03.10"]
[Round "3"]
[White "Gillis, Doug"]
[Black "Morra, Lui"]
[Result "1-0"]
[WhiteElo "1635"]
[BlackElo "1831"]
[PlyCount "120"]
[EventDate "2011.02.24"]
[EventType "swiss"]
[EventRounds "9"]
[EventCountry "CAN"]
[SourceTitle "EXT 2022"]
[Source "ChessBase"]
[SourceDate "2021.10.06"]
[SourceVersion "1"]
[SourceVersionDate "2021.10.06"]
[SourceQuality "1"]

1. d4 Nf6 2. Nc3 g6 3. e4 d6 4. h3 Nbd7 5. Nf3 e5 6. Be3 c5 7. dxc5 dxc5 8. Bb5 Bg7 9. Bxc5 Qa5 10. 0-0 Nh5 11. Qd6 Qd8 12. Rad1 a6 13. Bxd7+ Bxd7 14. Nxe5 Bf8 15. Qd5 Be6 16. Qxb7 Qc8 17. Qxc8+ Rxc8 18. Bxf8 Kxf8 19. Rd6 a5 20. Rfd1 Ke7 21. Nc6+ Kf6 22. g4 Nf4 23. Nd5+ Kg5 24. Nxf4 Kxf4 25. e5 h5 26. c3 hxg4 27. Ne7 Rb8 28. R6d4+ Kg5 29. hxg4 Bxg4 30. f4+ Kh6 31. R1d2 Kg7 32. Rh2 Rxh2 33. Kxh2 Rxb2+ 34. Kg3 Be6 35. a4 Ra2 36. Nc6 Bb3 37. Nxa5 Bxa4 38. Nb7 Bc6 39. Nc5 Rc2 40. c4 Rg2+ 41. Kh3 Rg1 42. Rd6 Bf3 43. e6 fxe6 44. Nxe6+ Kg8 45. Rd8+ Kf7 46. Ng5+ Ke7 47. Nxf3 Rf1 48. Rd3 Rc1 49. Ne5 Kf6 50. Nd7+ Kf5 51. c5 Kxf4 52. Rd6 Rc3+ 53. Kh4 g5+ 54. Kh5 g4 55. Rf6+ Kg3 56. c6 Kh3 57. Rh6 Kg3 58. Kg5 Kf3 59. Ne5+ Kg3 60. Rd6 Rc5 1-0

[Event "Toronto Howard Ridout Swiss U2000"]
[Site "Toronto"]
[Date "2010.09.09"]
[Round "1"]
[White "Morra, Lui"]
[Black "Bellissimo, Joseph F"]
[Result "0-1"]
[WhiteElo "1703"]
[BlackElo "1871"]
[PlyCount "86"]
[EventDate "2010.09.09"]
[EventType "swiss"]
[EventRounds "6"]
[EventCountry "CAN"]
[SourceTitle "EXT 2022"]
[Source "ChessBase"]
[SourceDate "2021.10.06"]
[SourceVersion "1"]
[SourceVersionDate "2021.10.06"]
[SourceQuality "1"]

1. e4 e5 2. Nf3 Nf6 3. Nc3 Nc6 4. Bb5 Nd4 5. Bc4 d6 6. h3 Be6 7. Bxe6 Nxe6 8. d3 Be7 9. Be3 c6 10. Qe2 Qa5 11. 0-0 Qc7 12. d4 0-0 13. d5 Nf4 14. Qd2 cxd5 15. Nxd5 N4xd5 16. exd5 Rfc8 17. Rac1 Qc4 18. Rfd1 Qxa2 19. b3 Qb2 20. Qb4 Rc7 21. c4 Nd7 22. Qb5 a6 23. Qa5 Rac8 24. Qa4 Nc5 25. Bxc5 Rxc5 26. b4 Rxc4 27. Rxc4 Rxc4 28. Qe8+ Bf8 29. Ng5 Rf4 30. Rf1 Qxb4 31. g3 Rf6 32. Rc1 Qb5 33. Qd8 Rxf2 34. Ne4 Qb2 35. Nxf2 Qxc1+ 36. Kg2 Qc5 37. h4 Qxd5+ 38. Kh3 Qe6+ 39. Kg2 e4 40. Kf1 e3 41. Nd3 e2+ 42. Ke1 Qg4 43. Qxd6 Bxd6 0-1

[Event "Scarborough CC-ch Reserves op"]
[Site "Toronto"]
[Date "2010.04.22"]
[Round "9"]
[White "Morra, Lui"]
[Black "Marcille, Gord"]
[Result "0-1"]
[WhiteElo "1660"]
[BlackElo "1778"]
[PlyCount "46"]
[EventDate "2010.02.25"]
[EventType "swiss"]
[EventRounds "9"]
[EventCountry "CAN"]
[SourceTitle "EXT 2022"]
[Source "ChessBase"]
[SourceDate "2021.10.06"]
[SourceVersion "1"]
[SourceVersionDate "2021.10.06"]
[SourceQuality "1"]

1. b3 Nf6 2. Bb2 d5 3. Nf3 Nc6 4. e3 Bg4 5. Be2 Bxf3 6. Bxf3 e5 7. d4 e4 8. Be2 Bd6 9. 0-0 h5 10. c4 Ng4 11. h3 Qh4 12. c5 Bh2+ 13. Kh1 Nxf2+ 14. Rxf2 Qxf2 15. Kxh2 Ne7 16. Nc3 Qxe3 17. Nb5 0-0-0 18. Nxa7+ Kb8 19. Nb5 g5 20. Bxh5 f5 21. Bc1 Qf2 22. Bf7 g4 23. Kh1 gxh3 0-1

[Event "Scarborough CC Jack Frost"]
[Site "Toronto"]
[Date "2009.02.05"]
[Round "5"]
[White "Morra, Lui"]
[Black "Kurkowski, Ken"]
[Result "1-0"]
[WhiteElo "1622"]
[BlackElo "1695"]
[PlyCount "80"]
[EventDate "2009.01.08"]
[EventType "swiss"]
[EventRounds "7"]
[EventCountry "CAN"]
[SourceTitle "EXT 2011"]
[Source "ChessBase"]
[SourceDate "2010.11.26"]
[SourceVersion "1"]
[SourceVersionDate "2010.11.26"]
[SourceQuality "1"]

1. e4 c5 2. Nf3 Nc6 3. d4 cxd4 4. Nxd4 Nf6 5. Nc3 e6 6. Ndb5 Bb4 7. Nd6+ Ke7 8. Nxc8+ Rxc8 9. Bd3 Bxc3+ 10. bxc3 Qa5 11. Bd2 Rhd8 12. 0-0 a6 13. f4 d5 14. e5 Ne4 15. Qe1 Nxd2 16. Qxd2 d4 17. Qe1 dxc3 18. Qh4+ Kf8 19. Qxh7 Nd4 20. Qh8+ Ke7 21. Qxg7 Rg8 22. Qf6+ Kf8 23. Be4 Qc5 24. Kh1 Qe7 25. Qh6+ Rg7 26. Rad1 Nf5 27. Bxf5 exf5 28. Rd3 Qe6 29. Qh4 Rg4 30. Qh3 Qg6 31. Rd6 Qg7 32. Rfd1 Rxf4 33. Rh6 Ke7 34. Rhd6 Rg8 35. Rd7+ Ke8 36. e6 Qxg2+ 37. Qxg2 Rxg2 38. exf7+ Kf8 39. Kxg2 Rg4+ 40. Kf3 Rg7 1-0

[Event "Scarborough CC Jack Frost"]
[Site "Toronto"]
[Date "2009.01.29"]
[Round "4"]
[White "Hall, John2"]
[Black "Morra, Lui"]
[Result "1-0"]
[WhiteElo "2208"]
[BlackElo "1622"]
[PlyCount "79"]
[EventDate "2009.01.08"]
[EventType "swiss"]
[EventRounds "7"]
[EventCountry "CAN"]
[SourceTitle "EXT 2011"]
[Source "ChessBase"]
[SourceDate "2010.11.26"]
[SourceVersion "1"]
[SourceVersionDate "2010.11.26"]
[SourceQuality "1"]

1. d4 Nf6 2. Nf3 g6 3. c4 Bg7 4. Nc3 d6 5. Bg5 0-0 6. e3 c5 7. d5 Qa5 8. Bd3 Na6 9. 0-0 e6 10. a3 exd5 11. cxd5 Nc7 12. e4 b5 13. Nd2 Qb6 14. h3 b4 15. Nc4 Qb8 16. axb4 cxb4 17. Ne2 Nb5 18. Bf4 Re8 19. Ng3 Bd7 20. Ra6 Qc8 21. Ra5 Qd8 22. Qa1 Rc8 23. Nxd6 Nxd6 24. Bxd6 h5 25. e5 Nh7 26. f4 Qh4 27. Kh2 g5 28. Bxh7+ Kxh7 29. fxg5 Bxh3 30. g6+ fxg6 31. Rxa7 Rc2 32. Rxg7+ Kxg7 33. Qa7+ Kh6 34. Qe3+ Kh7 35. Rf2 Bf5+ 36. Kg1 Ra8 37. Rxc2 Bxc2 38. Nf1 Ra1 39. e6 Qc4 40. Qf2 1-0

[Event "Scarborough CC Fall Swiss"]
[Site "Toronto"]
[Date "2007.12.13"]
[Round "7"]
[White "Morra, Lui"]
[Black "Rutherdale, William"]
[Result "1/2-1/2"]
[WhiteElo "1542"]
[BlackElo "1820"]
[PlyCount "94"]
[EventDate "2007.11.01"]
[EventType "swiss"]
[EventRounds "7"]
[EventCountry "CAN"]
[SourceTitle "EXT 2022"]
[Source "ChessBase"]
[SourceDate "2021.10.06"]
[SourceVersion "1"]
[SourceVersionDate "2021.10.06"]
[SourceQuality "1"]

1. e4 d6 2. d4 Nf6 3. Nc3 g6 4. Bc4 Bg7 5. Bg5 c5 6. Nge2 Qa5 7. Qd2 a6 8. e5 cxd4 9. exf6 dxc3 10. Nxc3 exf6 11. Bh6 Qe5+ 12. Kf1 0-0 13. Bxg7 Kxg7 14. Re1 Qc5 15. Bb3 Nc6 16. h4 h5 17. Ne4 Qd4 18. Qf4 Bf5 19. Qf3 Rfe8 20. c3 Bxe4 21. cxd4 Bxf3 22. gxf3 Rxe1+ 23. Kxe1 Nxd4 24. Bd5 Re8+ 25. Kd2 b6 26. Kd3 Nf5 27. Rc1 Re5 28. Bb7 Rc5 29. Rxc5 bxc5 30. Bxa6 Kf8 31. Bb7 Ke7 32. Bd5 Nd4 33. a4 g5 34. hxg5 fxg5 35. a5 Nb5 36. Ke4 f6 37. a6 h4 38. Kf5 Na7 39. f4 gxf4 40. Kxf4 h3 41. Kg3 h2 42. Kxh2 f5 43. Kg3 Kf6 44. Kf4 Nb5 45. Bg8 Na7 46. Bh7 d5 47. Bxf5 Nb5 1/2-1/2

[Event "Toronto Howard Ridout Swiss U1700"]
[Site "Toronto"]
[Date "2007.10.04"]
[Round "4"]
[White "Morra, Lui"]
[Black "Wang, Jerry ZS"]
[Result "0-1"]
[WhiteElo "1551"]
[BlackElo "1599"]
[PlyCount "102"]
[EventDate "2007.09.13"]
[EventType "swiss"]
[EventRounds "7"]
[EventCountry "CAN"]
[SourceTitle "EXT 2022"]
[Source "ChessBase"]
[SourceDate "2021.10.06"]
[SourceVersion "1"]
[SourceVersionDate "2021.10.06"]
[SourceQuality "1"]

1. e4 e5 2. Nf3 Nc6 3. Bb5 a6 4. Ba4 Nf6 5. Qe2 b5 6. Bb3 Na5 7. c3 Nxb3 8. axb3 d6 9. h3 Bb7 10. d3 c5 11. Be3 Be7 12. Nbd2 0-0 13. Nf1 Qc7 14. Ng3 g6 15. h4 Rfc8 16. h5 c4 17. bxc4 bxc4 18. hxg6 fxg6 19. Bd2 Qb6 20. 0-0-0 cxd3 21. Qxd3 Qxf2 22. Be1 Qc5 23. Qd2 Ng4 24. Ng5 h5 25. Kb1 Qe3 26. Nf3 Qxd2 27. Nxd2 Ne3 28. Rc1 Nxg2 29. Bf2 Bg5 30. Rc2 h4 31. Ne2 Bxd2 32. Rxd2 Bxe4+ 33. Kc1 g5 34. Rxd6 Rc6 35. Rd7 Rf8 36. Ba7 Rcf6 37. Re7 Rf1+ 38. Rxf1 Rxf1+ 39. Kd2 h3 40. Ng3 Rf2+ 41. Kd1 Rf4 42. Rxe5 Bf3+ 43. Kd2 g4 44. Be3 Nxe3 45. Kxe3 Rf7 46. Re8+ Kg7 47. c4 Bg2 48. c5 Rf3+ 49. Ke2 Rxg3 50. Re7+ Kg8 51. Re8+ Kf7 0-1

[Event "Toronto Howard Ridout Swiss U1700"]
[Site "Toronto"]
[Date "2007.09.27"]
[Round "3"]
[White "Philip, Andrew"]
[Black "Morra, Lui"]
[Result "0-1"]
[WhiteElo "1660"]
[BlackElo "1551"]
[PlyCount "89"]
[EventDate "2007.09.13"]
[EventType "swiss"]
[EventRounds "7"]
[EventCountry "CAN"]
[SourceTitle "EXT 2022"]
[Source "ChessBase"]
[SourceDate "2021.10.06"]
[SourceVersion "1"]
[SourceVersionDate "2021.10.06"]
[SourceQuality "1"]

1. d4 d5 2. Bg5 g6 3. e3 Bg7 4. Nd2 c5 5. c3 Nf6 6. Ngf3 0-0 7. dxc5 Qc7 8. Nb3 Rd8 9. Bf4 Qc6 10. Nfd4 Qe8 11. Bc7 Rd7 12. Bxb8 Rxb8 13. Bb5 e5 14. Ne2 a6 15. Bxd7 Bxd7 16. 0-0 Bg4 17. f3 Bf5 18. Ng3 Be6 19. e4 dxe4 20. Nxe4 Nxe4 21. fxe4 Rd8 22. Qc2 Bc4 23. Rfd1 Rxd1+ 24. Rxd1 Qc6 25. Kh1 Qb5 26. Rd8+ Bf8 27. Qd2 Bxb3 28. Qd3 Qxd3 29. Rxd3 Bxa2 30. Rd8 Bb1 31. b4 Bxe4 32. Kg1 Kg7 33. Kf2 Be7 34. Rd2 Bc6 35. g3 Bg5 36. Rd6 e4 37. h4 Bc1 38. Ke2 e3 39. Rxc6 bxc6 40. c4 Kf6 41. b5 axb5 42. cxb5 cxb5 43. c6 Ke7 44. Kd1 Bd2 45. Kc2 0-1

[Event "Scarborough CC Early Summer Swiss"]
[Site "Toronto"]
[Date "2007.05.10"]
[Round "1"]
[White "Moysoski, Randy"]
[Black "Morra, Lui"]
[Result "1-0"]
[WhiteElo "1941"]
[BlackElo "1578"]
[PlyCount "65"]
[EventDate "2007.05.10"]
[EventType "swiss"]
[EventRounds "8"]
[EventCountry "CAN"]
[SourceTitle "EXT 2022"]
[Source "ChessBase"]
[SourceDate "2021.10.06"]
[SourceVersion "1"]
[SourceVersionDate "2021.10.06"]
[SourceQuality "1"]

1. e4 c5 2. Nc3 Nc6 3. g3 g6 4. Bg2 Bg7 5. d3 Nf6 6. Bg5 0-0 7. Qd2 Re8 8. Nh3 d6 9. f3 Nd4 10. Nf2 Be6 11. g4 b5 12. h4 h5 13. Bxf6 Bxf6 14. gxh5 d5 15. hxg6 fxg6 16. Ng4 Bg7 17. h5 Qd6 18. h6 Qg3+ 19. Qf2 Nxc2+ 20. Kd2 Qxf2+ 21. Nxf2 Bd4 22. Kxc2 Bxf2 23. Nxb5 Rec8 24. exd5 Bxd5 25. Nc3 Be6 26. Ne4 Bd4 27. f4 Rab8 28. Rab1 Bxa2 29. Nd2 Bxb1+ 30. Rxb1 Kh7 31. Nc4 Kxh6 32. Re1 Rb7 33. Bxb7 1-0

[Event "Scarborough CC Late Fall Swiss"]
[Site "Toronto"]
[Date "2006.12.07"]
[Round "6"]
[White "Morra, Lui"]
[Black "Mesiti, Silvano"]
[Result "0-1"]
[WhiteElo "1561"]
[BlackElo "1726"]
[PlyCount "86"]
[EventDate "2006.11.02"]
[EventType "swiss"]
[EventRounds "8"]
[EventCountry "CAN"]
[SourceTitle "EXT 2022"]
[Source "ChessBase"]
[SourceDate "2021.10.06"]
[SourceVersion "1"]
[SourceVersionDate "2021.10.06"]
[SourceQuality "1"]

1. e4 e5 2. Nf3 d6 3. Bc4 Be7 4. c3 Nf6 5. Qe2 0-0 6. h3 Nc6 7. d4 exd4 8. cxd4 d5 9. exd5 Nxd5 10. 0-0 Re8 11. Re1 Be6 12. Bd3 Nf6 13. Be3 Nb4 14. Bb5 c6 15. Ba4 Nxa2 16. Nc3 Nb4 17. Ng5 Bf5 18. Bb3 Bg6 19. Qc4 Nbd5 20. Nf3 Nb6 21. Qe2 Bd6 22. Rad1 Bc7 23. Qd2 Bh5 24. g4 Bg6 25. Bg5 Qd6 26. Ne5 Nbd5 27. Bh4 Qb4 28. Ba2 Ba5 29. Nxg6 hxg6 30. Qg5 Nxc3 31. bxc3 Qxc3 32. Rxe8+ Rxe8 33. Qxg6 Re1+ 34. Rxe1 Qxe1+ 35. Kg2 Qe4+ 36. Qxe4 Nxe4 37. Kf3 Nc3 38. Bb3 Nd5 39. Ke4 Nc3+ 40. Ke5 Bc7+ 41. Kf5 a5 42. Be7 Nb5 43. g5 Nxd4+ 0-1

[Event "Scarborough CC Late Fall Swiss"]
[Site "Toronto"]
[Date "2006.11.23"]
[Round "4"]
[White "Morra, Lui"]
[Black "Bellomo, Joe"]
[Result "0-1"]
[WhiteElo "1538"]
[BlackElo "1662"]
[PlyCount "58"]
[EventDate "2006.11.02"]
[EventType "swiss"]
[EventRounds "8"]
[EventCountry "CAN"]
[SourceTitle "EXT 2022"]
[Source "ChessBase"]
[SourceDate "2021.10.06"]
[SourceVersion "1"]
[SourceVersionDate "2021.10.06"]
[SourceQuality "1"]

1. e4 c5 2. Nf3 d6 3. Bb5+ Bd7 4. Bc4 e6 5. a4 Nf6 6. Qe2 Nc6 7. c3 Be7 8. d4 cxd4 9. cxd4 0-0 10. Nc3 Rc8 11. 0-0 Na5 12. Ba2 a6 13. e5 Ne8 14. d5 exd5 15. Nxd5 Be6 16. Be3 Bxd5 17. Bxd5 dxe5 18. Rfd1 Qc7 19. Rab1 Nc6 20. Be4 Nf6 21. Bf5 Rcd8 22. Rxd8 Rxd8 23. Bg5 Qa5 24. b3 Qb4 25. Nxe5 Nxe5 26. Qxe5 Qxb3 27. h4 Rd1+ 28. Rxd1 Qxd1+ 29. Kh2 Bd6 0-1